Edipo, rey

Uloženo v:
Podrobná bibliografie
Hlavní autor: Sófocles (autor)
Médium: Kniha
Jazyk:španělština
Vydáno: Santiago Centro gráfico 1975
Edice:Clásicos de Ayer
Témata:
Tagy: Přidat tag
Žádné tagy, Buďte první, kdo vytvoří štítek k tomuto záznamu!

MARC

LEADER 00000nam a2200000 a 4500
001 UCH6745
003 CL-VaPUC
008 091109e19750000CL |||||||||||||||||spa|d
082 0 4 |a 882  |b SOF  |2 21 
100 |a Sófocles  |e autor  |9 269407 
245 1 0 |a Edipo, rey 
300 |a 89 p 
942 |c BK 
945 |d 20091109 00:00:00  |a lazolas 
260 |a Santiago  |b Centro gráfico  |c 1975 
650 0 |a Tragedia griega  |9 265362 
583 |a last modification  |c 20091109 00:00:00  |k Rodrigo Vera 
490 0 |a Clásicos de Ayer 
999 |c 337574  |d 337572